Match the Olympian to their Sport - Statistics

General Stats
  • This quiz has been taken 85 times
  • The average score is 8 of 25
Answer Stats
Hint Answer % Correct
Michael Phelps Swimming
99%
Usain Bolt Athletics
87%
Venus Williams Tennis
76%
Rafael Nadal Tennis
70%
Carl Lewis Athletics
55%
Katie Ledecky Swimming
55%
Ma Long Table Tennis
36%
Dafne Schippers Athletics
32%
Larisa Latynina Gymnastics
32%
Isabell Werth Equestrian
29%
Aly Raisman Gymnastics
29%
Deontay Wilder Boxing
26%
Lee Chong Wei Badminton
22%
Zara Tindall Equestrian
22%
Ben Ainslie Sailing
22%
Kurt Angle Wrestling
22%
Teddy Riner Judo
20%
Monica Puig Tennis
20%
Katinka Hosszú Swimming
18%
Polina Astakhova Gymnastics
17%
Birgit Fischer Canoeing
13%
Lasha Talakhadze Weightlifting
12%
Edoardo Mangiarotti Fencing
11%
Wu Minxia Diving
9%
Kaori Icho Wrestling
8%
No matching quizzes found
Score Distribution
Percent of People with Each Score
Percentile by Number Answered
Your Score History
You have not taken this quiz